000 00884nas a2200301 4500
001 BR9902419
003 BR-BrBNA
005 20231205101411.0
007 ta
008 230509b bl.|||p| |||| 00| 00por d
040 _aBR-BrBNA
_bpor
_cBiblioteca Nacional de Agricultura
041 _a(Pt)
072 _aL70
100 1 _aSilva, L.A.F. da
100 1 _aFioravanti, M.C.S.
100 1 _aEurides, D.
100 1 _aJuliano, R.S.
100 1 _aAcypreste, C.S.
100 1 _aBorges, G.T.
245 1 _aSobreposicao com invaginacao das aponeuroses dos musculos abdominais no reparo de hernia umbilicais em bovinos
650 _aBovino
650 _aCirurgia
650 _aHernia
650 _aUmbigo
773 0 _tVeterinaria Noticias (Brazil)
_xISSN 0104-3463
_g(1999), v. 5(1) p. 63-67
_wBR9902419
909 _a202311
_bLúcia
_c55
_dLúcia Elande
942 _2AGRIS
_n0
_cANA
999 _c161601
_d161601